|
|
|
|
| LEADER |
00981nam a2200229 a 4500 |
| 008 |
091119s2001 bg a b 000 0 eng d |
| 020 |
|
|
|a 9840516167
|
| 020 |
|
|
|a 0195797639
|
| 020 |
|
|
|a 0195797647 (PBK.)
|
| 082 |
0 |
0 |
|a 338.95
|2 21
|
| 245 |
0 |
0 |
|a Globalisation and human development /
|c Mahbub ul Haq Human Development Centre.
|
| 260 |
|
|
|a Oxford ;
|a Dhaka
|b The University Press Ltd.,
|c 2001.
|
| 300 |
|
|
|a xii, 180 p. :
|b ill. ;
|c 29 cm.
|
| 490 |
0 |
|
|a Human development in South Asia ;
|v 2001.
|
| 504 |
|
|
|a Includes bibliographical references (p. [143]-149).
|
| 541 |
1 |
|
|e 00008305
|
| 651 |
|
0 |
|a South Asia
|x Economic policy.
|
| 651 |
|
0 |
|a South Asia
|x Economic conditions
|y 21st century.
|
| 710 |
2 |
|
|a Mahbub ul Haq Development Centre (Islamabad, Pakistan).
|
| 852 |
4 |
|
|a Ayesha Abed Library
|j General Shelf.
|
| 999 |
|
|
|c 7258
|d 7258
|
| 952 |
|
|
|0 0
|1 0
|2 ddc
|4 0
|6 338_950000000000000_GLO_2001
|7 0
|9 7592
|a BRACUL
|b BRACUL
|c GEN
|d 2010-01-28
|l 0
|o 338.95 GLO
|p 3010008305
|r 2010-01-28
|t 1
|w 2010-01-28
|y BK
|